000 00357nam a2200145Ia 4500
008 230917s9999||||xx |||||||||||||| ||und||
040 _e75082
_aMAIN
041 _aEnglish
082 _a658.787 N213K:I
100 _aKhare, B D
245 0 _aInventory control
260 _aNew Delhi
_bNational Productivity Council
_c1982
300 _a58 p.
942 _cBK
999 _c39277
_d39277